00397 2200157 4500245005000000020002200050250001000072100001300082700001700095005001900112260005700131041001400188084001000202300001800212336000900230 aKeseruan Upacara Sarafal AnamcSuhendrahText a978-602-6477-37-8 aCet.1 aSuhendra aarya perkasa a20240925150227 aJakartabKementerian Pendidikan dan Kebudayaanc2019 aIndonesia a741.5 a49 hlm :cpdf atext